Statistics for Can You Name The Song By KSI, By A Lyric?

Click here to take the quiz!

General Stats

  • This quiz has been taken 49 times
  • The average score is 8 of 20

Answer Stats

LyricsKSI's Song% Correct
Got rocks on my wrist, that shit you can't resistLamborghini (Feat. P Money)
77%
Posh boy now wanna rap
Posh boy now wanna scrap
Little Boy
74%
But she on fleek, check, booty, check
Breath check, money check
Later in the night she a freak, check
Houdini (Feat. Swarmz & Tion Wayne)
66%
Oh, I know, I know, you know the vibe
I wanna stay with you every night
Holiday
60%
Young winner come fear usBeerus (Feat. Randolph)
57%
KSI verified, stay schemin', self-believin', you know ILighter (Feat. Nathan Dawe)
57%
I stay focused on my drip, crew flyin'
Girls they lyin', I ain't buyin'
No Time (Feat. Lil Durk)
49%
Still couldn't never get you that A.C
Sneakin' in school just to get by you
Don't Play (Feat. DFA & Anne Marie)
40%
Look at my wrist, Corona
My neck got Ebola
Poppin (Feat. Smokepurpp & Lil Pump)
40%
No look ting when I'm shooting my babiesReally Love (Feat, DFA & Craig David)
37%
Τell me hοw my dick ended up in yοur main chick
Threesοme with the hοe, double trοuble, don't ever say shit
Two Birds One Stone
37%
I was nothin' but loyal to you right from the startDown Like That (Feat. S-X, Lil Baby & Rick Ross)
31%
Creps are looking GucciOn Point
31%
Come fast like RamadanDomain
29%
Sayin' I need a feature, now they feature me
Never charting, now it's easily
Madness
29%
When the future is present, we pop off
Then tell me how can I drop off?
Number 2 (Feat. Future & 21 Savage)
29%
Feels like I'm gonna breakPatience (Feat. Yungblud & Polo G)
26%
No way, no way, no way, no way, no way, you're not owning meUncontrollable (Feat. Big Zuu)
26%
Five figures for the settle
Six figures for the metal
Seven figures for the rental
Silly (Feat. Bygzy Malone)
23%
I paid 500k for a catCap (Feat. Offset)
14%

Score Distribution

Percentile by Number Answered

Percent of People with Each Score

Your Score History

You have not taken this quiz